[Event "Chigorin Memorial"]
[Site "St Petersburg"]
[Date "2015.10.04"]
[Round "2.98"]
[White "Askerov, Marat"]
[Black "Gantsevich, Aleksey A"]
[Result "1-0"]
[WhiteElo "2232"]
[BlackElo "1845"]
[PlyCount "117"]
[EventDate "2015.10.03"]
[EventRounds "9"]
[EventCountry "RUS"]

1. d4 Nf6 2. c4 g6 3. Nf3 Bg7 4. g3 O-O 5. Bg2 d6 6. O-O Nbd7 7. Nc3 e5 8. e4
c6 9. b3 exd4 10. Nxd4 Re8 11. Bb2 Nc5 12. Qc2 a5 13. Rad1 Qb6 14. h3 a4 15.
Rfe1 Nfd7 16. Nce2 axb3 17. axb3 Ra2 18. Nc1 Rxb2 19. Qxb2 Ne6 20. e5 Nxe5 21.
Kh1 Nxc4 22. Qe2 Bxd4 23. bxc4 Bd7 24. Qf3 Ra8 25. Ne2 Be5 26. Rb1 Qa6 27. Nf4
Nd4 28. Qd1 Bf5 29. Ra1 Qxa1 30. Qxa1 Rxa1 31. Rxa1 b5 32. cxb5 cxb5 33. Nd5
Kg7 34. f4 Bf6 35. g4 Be6 36. g5 Bd8 37. Ra8 Bxd5 38. Bxd5 Be7 39. Re8 Bf8 40.
Rb8 Be7 41. Re8 Bf8 42. Kg2 Nf5 43. Kf2 b4 44. Rb8 Ne7 45. Ba2 d5 46. Rxb4 f6
47. Rb7 fxg5 48. fxg5 h6 49. h4 hxg5 50. hxg5 d4 51. Kf3 Kh8 52. Bf7 d3 53. Rd7
Nc6 54. Ke4 d2 55. Bxg6 Bb4 56. Bh5 Na5 57. Kf5 Nc4 58. Rd4 Ne3+ 59. Kg6 1-0

[Event "Chigorin Memorial"]
[Site "St Petersburg"]
[Date "2015.10.04"]
[Round "2.99"]
[White "Pashinsky, Mikhail"]
[Black "Abasheeva, Ksenia"]
[Result "0-1"]
[WhiteElo "2228"]
[BlackElo "1780"]
[PlyCount "80"]
[EventDate "2015.10.03"]
[EventRounds "9"]
[EventCountry "RUS"]

1. e4 c5 2. Nf3 d6 3. d4 cxd4 4. Qxd4 Nf6 5. e5 Nfd7 6. exd6 e5 7. Qd5 Qf6 8.
Bc4 Bxd6 9. Bg5 Qg6 10. h4 O-O 11. Nbd2 Nb6 12. h5 Qxc2 13. Qxd6 Nxc4 14. Nxc4
Qxc4 15. h6 Qe4+ 16. Kf1 Nc6 17. hxg7 Re8 18. Re1 Qc4+ 19. Kg1 Bf5 20. a3 Re6
21. Qd2 e4 22. Nh4 Bg6 23. Nxg6 Rxg6 24. Rh4 Qb5 25. Bh6 Ne5 26. Kh1 Ng4 27.
Bf4 Qb6 28. Bg3 Rd8 29. Qe2 Qe6 30. Qb5 e3 31. f3 Nf6 32. Bf4 Nd5 33. Bh2 Rh6
34. Rxh6 Qxh6 35. Qxb7 Qh4 36. g3 Qd4 37. Qb3 Qd2 38. Qd1 Rc8 39. g4 Rc2 40.
Qxd2 exd2 0-1

[Event "Chigorin Memorial"]
[Site "St Petersburg"]
[Date "2015.10.04"]
[Round "2.100"]
[White "Vunder, Andrey"]
[Black "Chekletsova, Darya"]
[Result "1-0"]
[WhiteElo "2192"]
[BlackElo "1495"]
[PlyCount "71"]
[EventDate "2015.10.03"]
[EventRounds "9"]
[EventCountry "RUS"]

1. d4 d5 2. Bf4 Nf6 3. e3 Bf5 4. c4 e6 5. Nc3 a6 6. Nf3 Ne4 7. cxd5 Nxc3 8.
bxc3 Qxd5 9. Be2 Nd7 10. O-O Be7 11. Bxc7 Rc8 12. c4 Qc6 13. Bg3 Nf6 14. Ne5
Qb6 15. Qa4+ Kf8 16. Bf3 Qa7 17. c5 Be4 18. Nd7+ Nxd7 19. Bxe4 Nf6 20. Bf3 Rd8
21. Rab1 Nd5 22. Qb3 Rd7 23. Rfc1 g6 24. e4 Nc7 25. Qxb7 Nb5 26. Qxa7 Rxa7 27.
c6 Nxd4 28. c7 Nxf3+ 29. gxf3 Kg7 30. c8=Q Rxc8 31. Rxc8 Kf6 32. Rc7 Ra8 33.
Rbb7 Bd8 34. Rxf7+ Kg5 35. Bf4+ Kh5 36. Rxh7# 1-0

[Event "Chigorin Memorial"]
[Site "St Petersburg"]
[Date "2015.10.04"]
[Round "2.101"]
[White "Senkevich, Konstantin"]
[Black "Shemyakin, Valeriy"]
[Result "0-1"]
[WhiteElo "2005"]
[BlackElo "2169"]
[PlyCount "90"]
[EventDate "2015.10.03"]
[EventRounds "9"]
[EventCountry "RUS"]

1. e4 d5 2. exd5 Qxd5 3. Nc3 Qa5 4. d4 Nf6 5. Be2 c6 6. Nf3 Bf5 7. O-O e6 8.
Ne5 Nbd7 9. Nxd7 Nxd7 10. Bf4 Be7 11. a3 O-O 12. b4 Qd8 13. Bd3 Bxd3 14. Qxd3
Nf6 15. Ne4 Nxe4 16. Qxe4 Qd5 17. Qxd5 cxd5 18. c3 Rfc8 19. Bd2 f6 20. Rfe1 Kf7
21. Kf1 Bd6 22. f4 a5 23. Reb1 axb4 24. axb4 e5 25. fxe5 fxe5 26. dxe5 Bxe5 27.
g3 Rxa1 28. Rxa1 Bxc3 29. Rc1 d4 30. Ke2 Ke6 31. Kd3 Kd5 32. Bxc3 Rxc3+ 33.
Rxc3 dxc3 34. Kxc3 b5 35. Kd3 g6 36. h3 h6 37. g4 g5 38. Ke3 Kc4 39. Ke4 Kxb4
40. Kf5 Kc3 41. Kg6 b4 42. Kxh6 b3 43. Kxg5 b2 44. Kh6 b1=Q 45. h4 Qe4 0-1

[Event "Chigorin Memorial"]
[Site "St Petersburg"]
[Date "2015.10.04"]
[Round "2.102"]
[White "Naumenko, Oleg"]
[Black "Golikov, Sergei"]
[Result "1-0"]
[WhiteElo "2167"]
[BlackElo "1708"]
[PlyCount "45"]
[EventDate "2015.10.03"]
[EventRounds "9"]
[EventCountry "RUS"]

1. e4 e6 2. d4 d5 3. e5 c5 4. c3 Qb6 5. Nf3 Nc6 6. Bd3 cxd4 7. cxd4 Bd7 8. O-O
Nxd4 9. Nxd4 Qxd4 10. Nc3 Qb6 11. Kh1 Ne7 12. f4 g6 13. a4 a5 14. f5 gxf5 15.
Bg5 Rg8 16. Bf6 d4 17. Nb5 Nd5 18. Qb3 Bb4 19. Rac1 Bc6 20. Rf2 Ne3 21. Nd6+
Kf8 22. Nc4 Nxg2 23. Nxb6 1-0

[Event "Chigorin Memorial"]
[Site "St Petersburg"]
[Date "2015.10.04"]
[Round "2.104"]
[White "Palachev, Petr"]
[Black "Skafar, Darya"]
[Result "1-0"]
[WhiteElo "2373"]
[BlackElo "1961"]
[PlyCount "61"]
[EventDate "2015.10.03"]
[EventRounds "9"]
[EventCountry "RUS"]

1. Nf3 d5 2. c4 e6 3. d4 Be7 4. Nc3 Nf6 5. Bf4 O-O 6. e3 Ne4 7. Bd3 Nxc3 8.
bxc3 c5 9. O-O b6 10. cxd5 exd5 11. Qc2 g6 12. c4 Bb7 13. cxd5 Bxd5 14. e4 Bb7
15. d5 a6 16. a4 Re8 17. Bc4 Bf8 18. Rad1 Bg7 19. e5 Qc8 20. Qb3 Nd7 21. e6
fxe6 22. dxe6 Nf6 23. e7+ Kh8 24. Rfe1 Qg4 25. Bg3 Ne4 26. Ne5 Qh5 27. Nf7+ Kg8
28. Be2 c4 29. Qxc4 Qc5 30. Nh6+ Kh8 31. Qg8+ 1-0

[Event "Chigorin Memorial"]
[Site "St Petersburg"]
[Date "2015.10.04"]
[Round "2.105"]
[White "Esenov, Annaberdi"]
[Black "Kunin, Pavel"]
[Result "1-0"]
[WhiteElo "2323"]
[BlackElo "1957"]
[PlyCount "71"]
[EventDate "2015.10.03"]
[EventRounds "9"]
[EventCountry "RUS"]

1. e4 c5 2. Nf3 e6 3. d4 cxd4 4. Nxd4 a6 5. c4 Nf6 6. Nc3 Qc7 7. Be2 Be7 8. O-O
O-O 9. Be3 d6 10. Rc1 Nbd7 11. f4 Rd8 12. Qe1 Nc5 13. f5 Ncxe4 14. fxe6 fxe6
15. Nxe4 Nxe4 16. Bg4 Nc5 17. Qg3 a5 18. Bh5 Rf8 19. Rxf8+ Bxf8 20. Rf1 g6 21.
Bxg6 hxg6 22. Qxg6+ Qg7 23. Rxf8+ Kxf8 24. Bh6 Qxh6 25. Qxh6+ Kf7 26. Qh7+ Kf6
27. Qh8+ Kg6 28. Qg8+ Kf6 29. Qf8+ Kg6 30. g4 b6 31. h4 Bb7 32. Qe7 Rg8 33. h5+
Kh6 34. Qf6+ Kh7 35. g5 Be4 36. Qh6# 1-0

[Event "Chigorin Memorial"]
[Site "St Petersburg"]
[Date "2015.10.04"]
[Round "2.106"]
[White "Chekletsov, Ilya"]
[Black "Sheynin, Izrail"]
[Result "1-0"]
[WhiteElo "2299"]
[BlackElo "1957"]
[PlyCount "107"]
[EventDate "2015.10.03"]
[EventRounds "9"]
[EventCountry "RUS"]

1. e4 c5 2. a3 Nc6 3. b4 e5 4. b5 Nd4 5. c3 Ne6 6. Nf3 d6 7. Bc4 Be7 8. O-O Nf6
9. d3 O-O 10. a4 b6 11. Re1 Qc7 12. Qb3 Nd8 13. Bg5 Nb7 14. Nbd2 Na5 15. Qd1
Nxc4 16. dxc4 Be6 17. Bxf6 Bxf6 18. Qe2 Qe7 19. Nf1 Bg5 20. Nxg5 Qxg5 21. Qd3
Rad8 22. Ne3 g6 23. a5 f5 24. axb6 axb6 25. Nd5 fxe4 26. Qxe4 Qd2 27. Qe3 Qxe3
28. Nxe3 Ra8 29. Red1 Kf7 30. Kf1 Ke7 31. Ke2 Rfd8 32. f3 h6 33. h4 h5 34. Rdb1
Rxa1 35. Rxa1 Rd7 36. Ra8 Rb7 37. Kd3 Kf6 38. Ke4 g5 39. Rd8 Ke7 40. Rh8 gxh4
41. Nd5+ Bxd5+ 42. Kxd5 Kf6 43. Kc6 Rg7 44. Kxb6 Rxg2 45. Rxh5 Rc2 46. Kc7 Rxc3
47. Rxh4 Kg5 48. Rg4+ Kf5 49. b6 Rxf3 50. Rg8 Rb3 51. b7 e4 52. b8=Q Rxb8 53.
Rxb8 Ke5 54. Re8+ 1-0

[Event "Chigorin Memorial"]
[Site "St Petersburg"]
[Date "2015.10.04"]
[Round "2.107"]
[White "Artamonov, Valery"]
[Black "Kamnev, Alexander"]
[Result "1/2-1/2"]
[WhiteElo "2287"]
[BlackElo "1951"]
[PlyCount "134"]
[EventDate "2015.10.03"]
[EventRounds "9"]
[EventCountry "RUS"]

1. c4 e6 2. Nf3 Nf6 3. g3 d5 4. Bg2 Be7 5. O-O O-O 6. d4 dxc4 7. Qc2 a6 8. Qxc4
b5 9. Qc2 Bb7 10. Nbd2 Nbd7 11. Nb3 Be4 12. Qd1 Rc8 13. Bd2 Bd6 14. Rc1 Qe7 15.
Ba5 c5 16. dxc5 Nxc5 17. Nxc5 Bxc5 18. Qd2 Qa7 19. Qf4 Bd5 20. Ng5 h6 21. Nh3
Bxg2 22. Kxg2 Qb7+ 23. Qf3 Qxf3+ 24. Kxf3 Bd6 25. e3 Be5 26. b3 Nd5 27. Nf4
Bxf4 28. gxf4 f5 29. a4 Kf7 30. Rg1 g6 31. h3 Rfe8 32. Rgd1 Rg8 33. Ke2 b4 34.
Kf3 Rc3 35. Rxc3 bxc3 36. Ke2 Rb8 37. Rb1 c2 38. Rc1 Rxb3 39. Rxc2 Ra3 40. Rc4
g5 41. fxg5 hxg5 42. Bd2 Ke8 43. a5 Kd7 44. Rc1 Ra4 45. Rg1 Rh4 46. Rg3 Kc6 47.
Rxg5 Rxh3 48. Rg6 Kd7 49. Rg8 Rh4 50. f4 Rh7 51. Ra8 Nc7 52. Rb8 Re7 53. Bc3
Re8 54. Rb7 Kc8 55. Rb6 Nd5 56. Rb3 Nxc3+ 57. Rxc3+ Kd7 58. e4 fxe4 59. Rb3 Rc8
60. Ke3 Rc5 61. Rb7+ Kd8 62. Rb6 Rxa5 63. Rxe6 Ra1 64. f5 Rf1 65. f6 a5 66. Ra6
Ke8 67. Kxe4 Kf7 1/2-1/2

[Event "Chigorin Memorial"]
[Site "St Petersburg"]
[Date "2015.10.04"]
[Round "2.108"]
[White "Pletnev, Evgeniy"]
[Black "Toporkova, Sofia"]
[Result "1-0"]
[WhiteElo "2246"]
[BlackElo "1950"]
[PlyCount "43"]
[EventDate "2015.10.03"]
[EventRounds "9"]
[EventCountry "RUS"]

1. Nc3 c5 2. Nf3 b6 3. d4 cxd4 4. Nxd4 Bb7 5. e4 a6 6. g3 e6 7. Bg2 Qc7 8. O-O
Nf6 9. Be3 Bb4 10. Re1 Bxc3 11. bxc3 O-O 12. Rb1 Bxe4 13. Bg5 Bxg2 14. Bxf6
gxf6 15. Kxg2 f5 16. Qh5 f6 17. Nxf5 Qc5 18. Qg4+ Kf7 19. Qg7+ Ke8 20. Qxh7 Nc6
21. Rbd1 Ra7 22. Ng7+ 1-0

[Event "Chigorin Memorial"]
[Site "St Petersburg"]
[Date "2015.10.04"]
[Round "2.109"]
[White "Kakabayaev, Mergen"]
[Black "Petrochenko, Maria"]
[Result "1-0"]
[WhiteElo "2239"]
[BlackElo "1947"]
[PlyCount "117"]
[EventDate "2015.10.03"]
[EventRounds "9"]
[EventCountry "RUS"]

1. e4 c5 2. Nf3 Nc6 3. c4 g6 4. d4 cxd4 5. Nxd4 Nf6 6. Nc3 d6 7. Be2 Nxd4 8.
Qxd4 Bg7 9. Be3 O-O 10. Qd2 a5 11. O-O a4 12. Rfd1 Qa5 13. Bd4 Be6 14. Rab1 Nd7
15. Bxg7 Kxg7 16. b4 axb3 17. Rxb3 b6 18. Rb5 Qa7 19. h4 Rac8 20. Qd4+ f6 21.
f4 Rc5 22. Rxc5 bxc5 23. Qe3 Qa6 24. Nd5 Bxd5 25. exd5 Qxa2 26. Bd3 Rf7 27. h5
Qb3 28. Rb1 Qc3 29. Rb7 Nf8 30. Rxe7 Qd4 31. h6+ Kg8 32. Qxd4 cxd4 33. Re4 Ra7
34. Rxd4 Nd7 35. Bf1 Nc5 36. Rd1 Kf7 37. Rb1 Nd7 38. g3 f5 39. Bh3 Nf6 40. Rb6
Rd7 41. Bf1 Ke7 42. Rc6 Ng4 43. c5 dxc5 44. Rxc5 Nxh6 45. Bb5 Rb7 46. Bc6 Rb1+
47. Kg2 Ng4 48. Ra5 Rb2+ 49. Kf1 Ne3+ 50. Ke1 Kd6 51. Ba8 Nc2+ 52. Kd2 Nb4+ 53.
Kc3 Rb1 54. Kc4 Nc2 55. Ra6+ Kc7 56. d6+ Kd8 57. Bc6 Rb8 58. Ra7 Ne3+ 59. Kc5
1-0

[Event "Chigorin Memorial"]
[Site "St Petersburg"]
[Date "2015.10.04"]
[Round "2.110"]
[White "Popov, Alexei"]
[Black "Shpartko, Grigory"]
[Result "0-1"]
[WhiteElo "1942"]
[BlackElo "2193"]
[PlyCount "114"]
[EventDate "2015.10.03"]
[EventRounds "9"]
[EventCountry "RUS"]

1. e4 d6 2. Nc3 c5 3. f4 g6 4. Nf3 Bg7 5. d4 cxd4 6. Nxd4 Nc6 7. Be3 Nf6 8. Be2
O-O 9. Qd2 Ng4 10. Nxc6 bxc6 11. Bxg4 Bxg4 12. f5 Qb8 13. O-O Qxb2 14. Bd4 e5
15. f6 exd4 16. fxg7 Rfe8 17. Qxd4 Qb6 18. Qxb6 axb6 19. h3 Be6 20. Rfd1 Red8
21. a4 Kxg7 22. Rab1 Ra6 23. Rb4 Kf8 24. Kf2 Ke7 25. Ke3 Kd7 26. Kf4 h6 27. h4
Kc7 28. g4 Ra5 29. Rdb1 Rb8 30. Kg3 Rc5 31. Nd1 Rxc2 32. Ne3 Rc3 33. Kf2 Ra3
34. Rc1 c5 35. Nd5+ Kc6 36. Rd4 Bxg4 37. e5 Be6 38. Ne3 dxe5 39. Rd2 Rxa4 40.
Rcd1 Rd4 41. Nc2 Rxd2+ 42. Rxd2 b5 43. Ne1 e4 44. Ke3 Bd5 45. h5 b4 46. Rg2 g5
47. Rf2 b3 48. Rb2 f5 49. Kd2 f4 50. Kc1 c4 51. Kd2 Kc5 52. Kc3 f3 53. Rb1 g4
54. Ra1 b2 55. Rb1 f2 56. Nc2 f1=Q 57. Rxf1 b1=Q 0-1

[Event "Chigorin Memorial"]
[Site "St Petersburg"]
[Date "2015.10.04"]
[Round "2.111"]
[White "Babanin, Gleb"]
[Black "Tsirulnik, Maritsa"]
[Result "0-1"]
[WhiteElo "1941"]
[BlackElo "2153"]
[PlyCount "80"]
[EventDate "2015.10.03"]
[EventRounds "9"]
[EventCountry "RUS"]

1. e4 c5 2. Nf3 e6 3. g3 Nc6 4. Bg2 Qc7 5. O-O Nf6 6. Qe2 g6 7. b3 Bg7 8. Bb2
O-O 9. Re1 d5 10. d3 b6 11. Nfd2 d4 12. c3 dxc3 13. Nxc3 Ba6 14. Nf3 Rad8 15.
Red1 Ng4 16. Ne1 Nge5 17. f4 Nxd3 18. Nxd3 Nb4 19. Nd5 exd5 20. Bxg7 Kxg7 21.
Qb2+ d4 22. Nxb4 cxb4 23. Rxd4 Qc3 24. Qxc3 bxc3 25. Rxd8 Rxd8 26. Rc1 Rc8 27.
Bf1 Bxf1 28. Kxf1 b5 29. a3 c2 30. e5 a5 31. Ke2 Rc3 32. a4 b4 33. Kd2 Rxb3 34.
Kxc2 Rc3+ 35. Kd2 Rxc1 36. Kxc1 f6 37. exf6+ Kxf6 38. g4 Ke6 39. Kd2 Kd5 40.
Kd3 h5 0-1

[Event "Chigorin Memorial"]
[Site "St Petersburg"]
[Date "2015.10.04"]
[Round "2.112"]
[White "Danielyan, Vahe"]
[Black "Nazarova, Anastasia"]
[Result "1-0"]
[WhiteElo "2151"]
[BlackElo "1941"]
[PlyCount "101"]
[EventDate "2015.10.03"]
[EventRounds "9"]
[EventCountry "RUS"]

1. e4 c5 2. Nc3 Nc6 3. Bb5 g6 4. Bxc6 dxc6 5. d3 Bg7 6. f4 e5 7. Nf3 exf4 8.
Bxf4 Ne7 9. O-O O-O 10. Qd2 Bg4 11. Rae1 c4 12. Kh1 cxd3 13. cxd3 Qa5 14. Bd6
Rfe8 15. Bxe7 Bxf3 16. Bd6 Bg4 17. Qf4 Be6 18. e5 Kh8 19. a3 h6 20. Ne4 Bf5 21.
Nc5 Qd8 22. g4 Be6 23. Nxe6 fxe6 24. Qf7 Qg5 25. Qxb7 Rg8 26. Qf7 Qxg4 27. Rf4
Qh5 28. Qxe6 Rae8 29. Qg4 Qxg4 30. Rxg4 Re6 31. d4 Rge8 32. Rc1 h5 33. Rg3 Bf8
34. Rxc6 Bxd6 35. Rxd6 Rxd6 36. exd6 Re6 37. d7 Rd6 38. Rxg6 Rxd7 39. Rh6+ Kg7
40. Rxh5 Rxd4 41. Rb5 Rd2 42. a4 Rd7 43. a5 a6 44. Rb6 Rd2 45. b4 Rb2 46. h4
Rb3 47. Kg2 Kh7 48. h5 Kg7 49. Kf2 Kh7 50. Ke2 Rh3 51. Rxa6 1-0

[Event "Chigorin Memorial"]
[Site "St Petersburg"]
[Date "2015.10.04"]
[Round "2.113"]
[White "Sakorenko, Adriana"]
[Black "Svidinsky, Dmitry"]
[Result "1/2-1/2"]
[WhiteElo "1935"]
[BlackElo "2147"]
[PlyCount "81"]
[EventDate "2015.10.03"]
[EventRounds "9"]
[EventCountry "RUS"]

1. e4 c5 2. Nf3 e6 3. b3 Nf6 4. e5 Nd5 5. g3 Nc6 6. Bb2 Be7 7. Bg2 O-O 8. O-O
f6 9. Nc3 Nxc3 10. Bxc3 fxe5 11. Nxe5 Nxe5 12. Bxe5 d6 13. Bb2 e5 14. Qe2 Rb8
15. Rae1 Bg5 16. c3 Bd7 17. d4 exd4 18. cxd4 Bf6 19. Rd1 Qc7 20. dxc5 Bxb2 21.
Qxb2 dxc5 22. Rfe1 Rbe8 23. Rxe8 Rxe8 24. Qd2 Bc6 25. Bxc6 Qxc6 26. Qd5+ Qxd5
27. Rxd5 b6 28. Rd7 a5 29. Rd6 Rb8 30. Rd7 a4 31. Kf1 axb3 32. axb3 Re8 33. Rd6
Rb8 34. Ke2 Kf7 35. Rc6 Re8+ 36. Kd3 Rd8+ 37. Kc3 Re8 38. Kd3 Rd8+ 39. Kc3 Re8
40. Kd3 Rd8+ 41. Kc3 1/2-1/2

[Event "Chigorin Memorial"]
[Site "St Petersburg"]
[Date "2015.10.04"]
[Round "2.114"]
[White "Mrykhin, Igor"]
[Black "Dushin, Nikolay"]
[Result "1-0"]
[WhiteElo "2146"]
[BlackElo "1936"]
[PlyCount "77"]
[EventDate "2015.10.03"]
[EventRounds "9"]
[EventCountry "RUS"]

1. e4 c5 2. d4 cxd4 3. c3 d3 4. Bxd3 Nc6 5. Nf3 d6 6. O-O g6 7. Qe2 Bg7 8. Rd1
Bd7 9. Na3 Qc7 10. Bf4 a6 11. Nc4 b5 12. Ne3 Nf6 13. Nd5 Nxd5 14. exd5 Na5 15.
Re1 Bg4 16. a4 Bxf3 17. gxf3 b4 18. Bxa6 bxc3 19. Bb5+ Kf8 20. bxc3 h6 21. Rab1
Bf6 22. c4 Kg7 23. Bc1 Ra7 24. Be3 Raa8 25. f4 Qc8 26. Bb6 Qh3 27. Qe3 Qxe3 28.
fxe3 Rhc8 29. Rec1 g5 30. f5 Be5 31. Kg2 Kf6 32. e4 h5 33. h3 Rg8 34. Bd7 Bf4
35. Rc2 Rab8 36. c5 dxc5 37. Rxc5 Nb7 38. Rcb5 Be5 39. Ba7 1-0

[Event "Chigorin Memorial"]
[Site "St Petersburg"]
[Date "2015.10.04"]
[Round "2.115"]
[White "Fedoseeva, Valentina"]
[Black "Malofeev, Alex"]
[Result "1-0"]
[WhiteElo "1932"]
[BlackElo "2141"]
[PlyCount "23"]
[EventDate "2015.10.03"]
[EventRounds "9"]
[EventCountry "RUS"]

1. e4 c5 2. Nf3 Nc6 3. Bb5 d6 4. Bxc6+ bxc6 5. O-O Nf6 6. Re1 e5 7. h3 Be7 8.
c3 O-O 9. Qc2 c4 10. Na3 d5 11. exd5 Bxa3 12. bxa3 {unreadable} 1-0

[Event "Chigorin Memorial"]
[Site "St Petersburg"]
[Date "2015.10.04"]
[Round "2.116"]
[White "Voronenkov, Sergey"]
[Black "Azimov, Ilyas"]
[Result "0-1"]
[WhiteElo "1926"]
[BlackElo "2140"]
[PlyCount "136"]
[EventDate "2015.10.03"]
[EventRounds "9"]
[EventCountry "RUS"]

1. e4 c5 2. Nf3 d6 3. d4 cxd4 4. Nxd4 Nf6 5. Nc3 g6 6. Be3 Bg7 7. f3 a6 8. g4
b5 9. Qd2 Bb7 10. O-O-O h5 11. g5 Nfd7 12. f4 Nc5 13. Bg2 Nbd7 14. e5 dxe5 15.
Bxb7 Nxb7 16. Nc6 Qc8 17. Na7 Rxa7 18. Bxa7 Nd6 19. Nd5 Nc4 20. Qb4 Bf8 21. Qc3
e6 22. Ne3 Nd6 23. fxe5 Qxc3 24. bxc3 Ne4 25. Rd4 Ba3+ 26. Kb1 Nxc3+ 27. Ka1
Nxe5 28. Nd1 Nxd1 29. Rhxd1 O-O 30. Rd8 Nc4 31. Rxf8+ Kxf8 32. Bd4 e5 33. Bf2
Ke7 34. Kb1 Bd6 35. c3 Ke6 36. Kc2 Kf5 37. h4 Kg4 38. Rg1+ Kf3 39. Ba7 e4 40.
Rf1+ Kg4 41. Bf2 Kh3 42. Re1 Kg2 43. Bd4 Kf3 44. Rf1+ Kg3 45. Rh1 Kg4 46. Bf2
Kf3 47. Bd4 Bg3 48. Rf1+ Kg4 49. Rxf7 Bxh4 50. Rf6 Kxg5 51. Rxa6 Bg3 52. a4
bxa4 53. Rxa4 Nd6 54. c4 h4 55. c5 Nf5 56. Bg1 Kf4 57. c6 Kf3 58. Bb6 Ne3+ 59.
Kd2 Nd5 60. Ra3+ Kg2 61. Bd8 h3 62. c7 Bxc7 63. Bxc7 Nxc7 64. Ke3 h2 65. Ra2+
Kh3 66. Ra1 g5 67. Kxe4 g4 68. Rc1 g3 0-1

[Event "Chigorin Memorial"]
[Site "St Petersburg"]
[Date "2015.10.04"]
[Round "2.117"]
[White "Rubtsov, Aleksandr"]
[Black "Ivanov, Rostislav"]
[Result "0-1"]
[WhiteElo "1924"]
[BlackElo "2134"]
[PlyCount "114"]
[EventDate "2015.10.03"]
[EventRounds "9"]
[EventCountry "RUS"]

1. e4 c5 2. Nf3 d6 3. d4 cxd4 4. Nxd4 Nf6 5. Nc3 a6 6. Be3 e5 7. Nb3 Be7 8. f3
Be6 9. Qd2 O-O 10. O-O-O Nbd7 11. g4 b5 12. h4 Nb6 13. Kb1 b4 14. Bxb6 Qxb6 15.
Nd5 Bxd5 16. exd5 a5 17. Bd3 a4 18. Nc1 a3 19. Be4 axb2 20. Kxb2 Nd7 21. Nb3
Qa7 22. Qxb4 Rfb8 23. Qc3 Qa3+ 24. Kb1 Nc5 25. Qb2 Qa7 26. c3 Qa4 27. Bc2 Qc4
28. Qc1 Bd8 29. Rhe1 Qa6 30. Qb2 Na4 31. Qa1 Qc4 32. Rd3 Nc5 33. Rd4 Qa6 34.
Rb4 Bxh4 35. Rh1 Bf6 36. Rxb8+ Rxb8 37. Bxh7+ Kf8 38. Bc2 g6 39. g5 Bg7 40. Re1
Qc4 41. Be4 Na4 42. Kc2 f5 43. gxf6 Bxf6 44. Re3 Rc8 45. Rd3 Nc5 46. Nxc5 Rxc5
47. Bxg6 Qa4+ 48. Kd2 Bg5+ 49. Ke2 Qc2+ 50. Kf1 Bh4 51. Kg1 Rb5 52. Rd4 Qf2+
53. Kh1 exd4 54. Qc1 Qxf3+ 55. Kh2 Bg3+ 56. Kg1 Qf2+ 57. Kh1 Qh2# 0-1

[Event "Chigorin Memorial"]
[Site "St Petersburg"]
[Date "2015.10.04"]
[Round "2.118"]
[White "Grishaev, Igor"]
[Black "Altshul, Raffael"]
[Result "1-0"]
[WhiteElo "1922"]
[BlackElo "2130"]
[PlyCount "93"]
[EventDate "2015.10.03"]
[EventRounds "9"]
[EventCountry "RUS"]

1. d4 Nf6 2. c4 e6 3. Nf3 a6 4. a3 c5 5. Nc3 cxd4 6. Qxd4 Nc6 7. Qd3 Be7 8. Bf4
O-O 9. Rd1 b5 10. e4 bxc4 11. Qxc4 Qa5 12. Be2 Nh5 13. Bc1 Qc7 14. O-O Nf4 15.
e5 Nxe2+ 16. Nxe2 a5 17. Rfe1 Ba6 18. Qg4 Nxe5 19. Nxe5 Qxe5 20. Ng3 Qf6 21.
Rxd7 Qh4 22. Qf3 Bb5 23. Rb7 Ba6 24. Rb3 Bc4 25. Rbe3 Bd5 26. Qe2 Rfc8 27. Ne4
Bc4 28. Qf3 Bd5 29. Qe2 Bc4 30. Qf3 a4 31. Nc3 Qf6 32. Qh3 Qh4 33. Qf3 Qf6 34.
Qh3 Qh4 35. Qf3 Bb3 36. Re4 Qf6 37. Rf4 Qg6 38. Rg4 Qf6 39. Qg3 Ra5 40. Bd2 g6
41. Ne4 Qe5 42. Bxa5 Qxa5 43. Nc3 Bf6 44. Rb4 Be7 45. Rb8 Qc5 46. h3 Bf6 47.
Ne4 1-0

[Event "Chigorin Memorial"]
[Site "St Petersburg"]
[Date "2015.10.04"]
[Round "2.119"]
[White "Bratus, Petr P"]
[Black "Shmoilov, Dmitry"]
[Result "1-0"]
[WhiteElo "2124"]
[BlackElo "1934"]
[PlyCount "53"]
[EventDate "2015.10.03"]
[EventRounds "9"]
[EventCountry "RUS"]

1. d4 Nf6 2. c4 c5 3. d5 e6 4. Nc3 exd5 5. cxd5 d6 6. Nf3 g6 7. Nd2 Bg7 8. Nc4
O-O 9. Bf4 Na6 10. Bxd6 Re8 11. Bg3 Ne4 12. Nxe4 Rxe4 13. e3 b5 14. Nd6 Rb4 15.
Be2 Rxb2 16. O-O Nb4 17. Bxb5 Nxa2 18. Bc4 Nc3 19. Qf3 Rb7 20. Nxb7 Bxb7 21. e4
Qb6 22. e5 Qb4 23. Rfc1 Qxc4 24. Rxc3 Qb4 25. Rb3 Qd4 26. Rd1 Bxd5 27. Qxd5 1-0

[Event "Chigorin Memorial"]
[Site "St Petersburg"]
[Date "2015.10.04"]
[Round "2.120"]
[White "Nuritdinov, Nizomiddin"]
[Black "Yashmetov, Mikhail"]
[Result "0-1"]
[WhiteElo "1918"]
[BlackElo "2123"]
[PlyCount "96"]
[EventDate "2015.10.03"]
[EventRounds "9"]
[EventCountry "RUS"]

1. d4 Nf6 2. Nf3 g6 3. g3 Bg7 4. Bg2 O-O 5. O-O d6 6. Re1 c6 7. e4 Qc7 8. c4
Be6 9. Qe2 c5 10. d5 Bg4 11. h3 Bxf3 12. Qxf3 Nfd7 13. Nc3 Nb6 14. Qd3 N8d7 15.
f4 a6 16. Be3 Rad8 17. Rab1 Rb8 18. a3 Nc8 19. Rec1 Ncb6 20. Na2 Kh8 21. g4 g5
22. fxg5 Ne5 23. Qe2 Nbd7 24. Rf1 b5 25. cxb5 axb5 26. Nc3 Qb7 27. h4 Nc4 28.
Kh1 Nde5 29. Bf4 Qd7 30. Bf3 f6 31. Bxe5 Nxe5 32. Rf2 fxg5 33. hxg5 b4 34. axb4
cxb4 35. Nd1 Nxf3 36. Rxf3 Rxf3 37. Qxf3 Rf8 38. Qh3 Qb5 39. Ne3 Qd3 40. Re1
Bxb2 41. Qg2 Bc3 42. Re2 Be5 43. Re1 b3 44. Nd1 Rf3 45. Nf2 Qc3 46. Rb1 Rg3 47.
Nd1 Qe1+ 48. Kh2 Rd3+ 0-1

[Event "Chigorin Memorial"]
[Site "St Petersburg"]
[Date "2015.10.04"]
[Round "2.121"]
[White "Fraiman, Dmitry"]
[Black "Kokhnover, Ilya"]
[Result "1-0"]
[WhiteElo "2122"]
[BlackElo "1925"]
[PlyCount "97"]
[EventDate "2015.10.03"]
[EventRounds "9"]
[EventCountry "RUS"]

1. e4 c5 2. Nf3 e6 3. d4 cxd4 4. Nxd4 a6 5. Nc3 Qc7 6. g3 Bb4 7. Qd3 Nf6 8. Bg2
Nc6 9. Nxc6 dxc6 10. Bg5 e5 11. O-O-O h6 12. Bxf6 gxf6 13. a3 Be7 14. h4 Be6
15. Bh3 Rd8 16. Qf3 Rxd1+ 17. Nxd1 Qd7 18. Bxe6 Qxe6 19. Kb1 Bc5 20. Ne3 Bxe3
21. Qxe3 Kd7 22. Qa7 Kc7 23. Rd1 Rb8 24. Rd3 Qc4 25. b3 Qe6 26. Qc5 b6 27. Qe3
Rh8 28. Rd1 Qe7 29. a4 h5 30. Qe1 b5 31. a5 Kb7 32. Rd3 c5 33. Rd5 Rc8 34. Qd2
Rc7 35. Rd8 Qe6 36. Rd6 Qe7 37. Qd5+ Ka7 38. Rd8 Rb7 39. Rh8 Qc7 40. Rxh5 c4
41. b4 Qe7 42. Qc5+ Qxc5 43. bxc5 b4 44. Rf5 b3 45. cxb3 cxb3 46. Rxf6 Rd7 47.
Kb2 Rd4 48. Rxf7+ Kb8 49. f3 1-0

[Event "Chigorin Memorial"]
[Site "St Petersburg"]
[Date "2015.10.04"]
[Round "2.122"]
[White "Yakimenko, Anastasia"]
[Black "Komarov, Alexey"]
[Result "1-0"]
[WhiteElo "2115"]
[BlackElo "1921"]
[PlyCount "147"]
[EventDate "2015.10.03"]
[EventRounds "9"]
[EventCountry "RUS"]

1. e4 e5 2. Nc3 Nf6 3. g3 d5 4. exd5 Nxd5 5. Bg2 Nxc3 6. bxc3 Bc5 7. d3 O-O 8.
Qe2 Nc6 9. Nf3 Bg4 10. O-O Qf6 11. Rb1 Bb6 12. h3 Bh5 13. g4 Bg6 14. Ng5 Rfe8
15. Be3 Rad8 16. Ne4 Qe7 17. Bg5 f6 18. Bh4 Bf7 19. a4 Bd5 20. Rb5 Be6 21. Qf3
Rf8 22. Ra1 a6 23. Rbb1 Bd5 24. Kh1 Ba5 25. Qe3 Bxe4 26. Qxe4 Qc5 27. Rxb7 Bxc3
28. Rf1 Nd4 29. Qe3 Rfe8 30. g5 fxg5 31. Bxg5 Rc8 32. Be4 Qd6 33. Qg3 Ba5 34.
c4 h6 35. Be3 Qf6 36. f4 exf4 37. Bxf4 Ne2 38. Qg4 Nxf4 39. Rxf4 Qg5 40. Qxg5
hxg5 41. Rg4 Bd2 42. Rb2 Bf4 43. h4 Rb8 44. Bd5+ Kh7 45. Rxb8 Rxb8 46. hxg5 Be3
47. g6+ Kh6 48. Kg2 Rf8 49. Bf7 c5 50. Kf3 Bd4 51. Rg2 Rb8 52. Ke4 Rb4 53. Kf5
Rb2 54. Rxb2 Bxb2 55. Ke6 Kg5 56. Kd5 Ba3 57. a5 Bb4 58. Kc6 Bxa5 59. Kxc5 Kf6
60. d4 Ke7 61. Kc6 Kd8 62. Kb7 Bc3 63. d5 Bd4 64. Kc6 a5 65. c5 a4 66. d6 a3
67. Bc4 Bf2 68. Kd5 Bg1 69. c6 Bb6 70. Ke6 Ba5 71. Kf7 Bb6 72. Kxg7 Bd4+ 73.
Kf7 Bb6 74. g7 1-0